• 首页
  • 本馆介绍
  • 公告通知
  • 最新文献
  • 馆藏检索
  • 电子资源
  • 读者导购
  • 参考咨询
  • 我的图书馆
  • 登录
  • 详细信息显示
  • 放入我的书架
  • 预约/预借图书
  • 作者相关作品
  • 分类相关作品
  • 丛书相关作品
  • 出版社相关作品

书目信息

  • 表格格式
  • 工作单格式
  • 卡片格式
题名:
清史资料
    
 
作者: ;中国社会科学院历史研究所清史研究室 编
分册:  
出版信息: 北京   中华书局  1980-1989
页数: 252页
开本: 19cm
丛书名:
单 册:
中图分类: K249.06 , K24
科图分类:
主题词: 史料--中国--清代
电子资源:
ISBN:
000 00907nam0 2200313 45
001 1573125914
005 20150118201931.90
010    @dCNY0.78
010    @a7-101-00365-6@d¥7.00
091    @aCN@b11018.877
091    @aCN@b11018.966
091    @aCN@b11018.1010
091    @aCN@b11018.1138
091    @aCN@b11018.1221
091    @aCN@b11018.1315
100    @a19950524f19801989em y0chiy0121 ea
101 0  @achi
102    @aCN@b110000
105    @ay z 000yy
200 10 @a清史资料@Aqing shi zi liao@f中国社会科学院历史研究所清史研究室编
210    @a北京@c中华书局@d1980-1989
215    @a252页@d19cm
606    @a史料@y中国@z清代
690    @aK249.06@v3
690    @aK24@v4
711 02 @a中国社会科学院历史研究所清史研究室@Azhong guo she hui ke xue yuan li shi yan jiu suo qing shi yan jiu shi@4编
801  0 @aCN@bTSSF@c20150118
801  2 @aCN@bNLC
905    @aZUCC@dK24@eJY4:1
    
    清史资料/中国社会科学院历史研究所清史研究室编.-北京:中华书局,1980-1989
    252页;19cm
    
    
    ISBN :CNY0.78
    
●
相关链接 在E读中查询图书 在五车中查询图书 在当当中查询图书 在豆瓣中查询图书


正题名:清史资料     索取号:K24/JY4:1         预约/预借

序号 登录号 条形码 馆藏地/架位号 状态 备注
1 7847705   278477051   学院路分馆/ [索取号:K24/JY4:1] 在馆    
唐山师范学院图书馆 欢迎您!
大连网信软件有限公司© 版权所有